[Event "CZE-ch Open 2019"]
[Site "Ostrava"]
[Date "2019.05.02"]
[Round "6.19"]
[White "Riha, Vojtech"]
[Black "Otruba, Marek"]
[Result "1-0"]
[WhiteElo "2288"]
[BlackElo "2103"]
[Annotator "NA"]
[PlyCount "113"]
[EventDate "2019.04.27"]
[EventType "swiss"]
[EventCountry "CZE"]
[SourceTitle "playchess.com"]
[Source "ChessBase"]
[SourceQuality "1"]
[TimeControl "40/5400+30:1800+30"]

1. e4 {[%emt 0:00:00]} c5 {[%emt 0:00:00]} 2. b4 {[%emt 0:00:00]} cxb4 {[%emt 0:00:00]} 3. a3 {[%emt 0:00:00]} d5 {[%emt 0:00:00]} 4. exd5 {[%emt 0:00:00]} Qxd5 {[%emt 0:00:00]} 5. Nf3 {[%emt 0:00:12]} e5 {[%emt 0:00:00]} 6. Bb2 {[%emt 0:00:15]} Nc6 {[%emt 0:00:55]} 7. c4 {[%emt 0:00:34]} Qd8 {[%emt 0:05:42]} 8. Nxe5 {[%emt 0:01:12]} bxa3 {[%emt 0:01:29]} 9. Nxa3 {[%emt 0:01:12]} Nf6 {[%emt 0:05:55]} 10. Be2 {[%emt 0:16:21]} Bd6 {[%emt 0:12:59]} 11. Nxc6 {[%emt 0:01:19]} bxc6 {[%emt 0:00:06]} 12. O-O {[%emt 0:01:38]} O-O {[%emt 0:06:19]} 13. Bf3 {[%emt 0:01:49]} Rb8 {[%emt 0:04:53]} 14. Bc3 {[%emt 0:02:28]} Bc7 {[%emt 0:01:40]} 15. g3 {[%emt 0:05:02]} Qd3 {[%emt 0:31:54]} 16. Re1 {[%emt 0:25:31]} Bb6 {[%emt 0:03:32]} 17. Bxf6 {[%emt 0:11:05]} gxf6 {[%emt 0:00:31]} 18. Be4 {[%emt 0:00:28]} Qd4 {[%emt 0:01:02]} 19. Qf3 {[%emt 0:00:12]} Bd7 {[%emt 0:05:51]} 20. Nc2 {[%emt 0:03:33]} Qxc4 {[%emt 0:02:14]} 21. Ne3 {[%emt 0:12:11]} Bxe3 {[%emt 0:05:57]} 22. Qxe3 {[%emt 0:00:06]} f5 {[%emt 0:01:54]} 23. Rxa7 {[%emt 0:03:34]} fxe4 {[%emt 0:01:03]} 24. Rxd7 {[%emt 0:00:21]} Qe6 {[%emt 0:00:42]} 25. Qg5+ {[%emt 0:03:32]} Qg6 {[%emt 0:00:35]} 26. Qxg6+ {[%emt 0:02:08]} hxg6 {[%emt 0:00:43]} 27. Rxe4 {[%emt 0:00:06]} Rbd8 {[%emt 0:00:37]} 28. Ree7 {[%emt 0:00:11]} Rxd7 {[%emt 0:00:48]} 29. Rxd7 {[%emt 0:00:04]} Rc8 {[%emt 0:00:14]} 30. Kf1 {[%emt 0:00:13]} Kg7 {[%emt 0:00:03]} 31. Ke2 {[%emt 0:00:14]} Kf6 {[%emt 0:00:06]} 32. h4 {[%emt 0:01:06]} Ke6 {[%emt 0:00:18]} 33. Ra7 {[%emt 0:00:14]} f5 {[%emt 0:02:49]} 34. Ke3 {[%emt 0:01:25]} Ke5 {[%emt 0:00:38]} 35. d4+ {[%emt 0:01:05]} Kf6 {[%emt 0:00:32]} 36. Kd3 {[%emt 0:00:15]} f4 {[%emt 0:02:17]} 37. g4 {[%emt 0:04:30]} Rh8 {[%emt 0:01:37]} 38. Ke4 {[%emt 0:02:03]} Rxh4 {[%emt 0:01:10]} 39. Kxf4 {[%emt 0:00:06]} Rh1 {[%emt 0:01:18]} 40. Ra6 {[%emt 0:00:36]} Rc1 {[%emt 0:00:40]} 41. d5 {[%emt 0:31:39]} Rc4+ {[%emt 0:30:26]} 42. Kf3 {[%emt 0:00:00]} Kg5 {[%emt 0:00:00]} 43. Rxc6 {[%emt 0:00:00]} Rf4+ {[%emt 0:00:00]} 44. Ke3 {[%emt 0:00:00]} Rxg4 {[%emt 0:00:00]} 45. Re6 {[%emt 0:00:00]} Kf5 {[%emt 0:00:00]} 46. Re8 {[%emt 0:00:00]} Rg1 {[%emt 0:00:00]} 47. Kd4 {[%emt 0:00:00]} Kf6 {[%emt 0:00:00]} 48. Kc5 {[%emt 0:00:00]} Kf7 {[%emt 0:00:00]} 49. Re2 {[%emt 0:00:00]} Rc1+ {[%emt 0:00:00]} 50. Kb6 {[%emt 0:00:00]} Rd1 {[%emt 0:00:00]} 51. Kc6 {[%emt 0:00:00]} Rc1+ {[%emt 0:00:00]} 52. Kd7 {[%emt 0:00:00]} Rd1 {[%emt 0:00:00]} 53. d6 {[%emt 0:00:00]} Rc1 {[%emt 0:00:00]} 54. Kd8 {[%emt 0:00:00]} Rd1 {[%emt 0:00:00]} 55. d7 {[%emt 0:00:00]} Rd3 {[%emt 0:00:00]} 56. Rc2 {[%emt 0:00:00]} Ra3 {[%emt 0:00:00]} 57. Kc7 {[%emt 0:00:00]} 1-0

[Event "CZE-ch Open 2019"]
[Site "Ostrava"]
[Date "2019.05.02"]
[Round "6.20"]
[White "Liska, Jiri"]
[Black "Malik, Jan"]
[Result "1-0"]
[WhiteElo "2236"]
[BlackElo "2286"]
[Annotator "NA"]
[PlyCount "57"]
[EventDate "2019.04.27"]
[EventType "swiss"]
[EventCountry "CZE"]
[SourceTitle "playchess.com"]
[Source "ChessBase"]
[SourceQuality "1"]
[TimeControl "40/5400+30:1800+30"]

1. c4 {[%emt 0:00:00]} e6 {[%emt 0:02:32]} 2. g3 {[%emt 0:00:00]} d5 {[%emt 0:00:03]} 3. Bg2 {[%emt 0:00:25]} Nf6 {[%emt 0:00:02]} 4. Nf3 {[%emt 0:00:36]} c6 {[%emt 0:00:07]} 5. b3 {[%emt 0:00:47]} Be7 {[%emt 0:01:13]} 6. O-O {[%emt 0:00:15]} O-O {[%emt 0:00:01]} 7. Qc2 {[%emt 0:00:35]} b6 {[%emt 0:01:41]} 8. d4 {[%emt 0:03:38]} Bb7 {[%emt 0:02:23]} 9. Nc3 {[%emt 0:00:24]} Na6 {[%emt 0:00:27]} 10. Rd1 {[%emt 0:03:57]} Qc8 {[%emt 0:02:58]} 11. Bg5 {[%emt 0:05:12]} h6 {[%emt 0:00:23]} 12. Bxf6 {[%emt 0:00:57]} Bxf6 {[%emt 0:00:02]} 13. e4 {[%emt 0:02:55]} c5 {[%emt 0:12:41]} 14. exd5 {[%emt 0:26:04]} Nb4 {[%emt 0:00:53]} 15. Qd2 {[%emt 0:07:58]} exd5 {[%emt 0:00:45]} 16. a3 {[%emt 0:00:25]} cxd4 {[%emt 0:02:24]} 17. Nb5 {[%emt 0:00:20]} Nc6 {[%emt 0:09:10]} 18. cxd5 {[%emt 0:02:33]} Na5 {[%emt 0:06:52]} 19. Nfxd4 {[%emt 0:00:55]} Qd7 {[%emt 0:03:56]} 20. Qb4 {[%emt 0:07:44]} Rfc8 {[%emt 0:02:57]} 21. Rab1 {[%emt 0:16:14]} Rc5 {[%emt 0:14:12]} 22. Nc6 {[%emt 0:05:20]} a6 {[%emt 0:07:41]} 23. Nbd4 {[%emt 0:02:06]} Rxd5 {[%emt 0:01:13]} 24. Bxd5 {[%emt 0:05:25]} Qxd5 {[%emt 0:00:43]} 25. Qxb6 {[%emt 0:00:07]} Qe4 {[%emt 0:08:27]} 26. Rbc1 {[%emt 0:02:21]} Rc8 {[%emt 0:05:17]} 27. Qxa5 {[%emt 0:02:51]} Bxd4 {[%emt 0:00:34]} 28. Rxd4 {[%emt 0:00:20]} Qxd4 {[%emt 0:05:56]} 29. Ne7+ {[%emt 0:00:05]} 1-0

[Event "CZE-ch Open 2019"]
[Site "Ostrava"]
[Date "2019.05.02"]
[Round "6.21"]
[White "Belunek, Vladimir"]
[Black "Michenka, Jozef"]
[Result "1-0"]
[WhiteElo "2201"]
[BlackElo "2287"]
[Annotator "NA"]
[PlyCount "65"]
[EventDate "2019.04.27"]
[EventType "swiss"]
[EventCountry "CZE"]
[SourceTitle "playchess.com"]
[Source "ChessBase"]
[SourceQuality "1"]
[TimeControl "40/5400+30:1800+30"]

1. c4 {[%emt 0:00:00]} e5 {[%emt 0:00:30]} 2. Nc3 {[%emt 0:00:00]} Nf6 {[%emt 0:01:05]} 3. g3 {[%emt 0:00:00]} d5 {[%emt 0:00:41]} 4. cxd5 {[%emt 0:00:05]} Nxd5 {[%emt 0:00:07]} 5. Bg2 {[%emt 0:00:07]} Nb6 {[%emt 0:00:28]} 6. Nf3 {[%emt 0:00:43]} Nc6 {[%emt 0:00:14]} 7. O-O {[%emt 0:00:09]} Be7 {[%emt 0:00:16]} 8. a3 {[%emt 0:06:51]} a5 {[%emt 0:02:59]} 9. d3 {[%emt 0:02:36]} O-O {[%emt 0:00:06]} 10. Na4 {[%emt 0:07:59]} Nxa4 {[%emt 0:08:33]} 11. Qxa4 {[%emt 0:00:48]} Bd7 {[%emt 0:02:14]} 12. Qc2 {[%emt 0:00:58]} Be6 {[%emt 0:01:26]} 13. b3 {[%emt 0:13:36]} Rb8 {[%emt 0:25:29]} 14. e3 {[%emt 0:03:25]} Bd5 {[%emt 0:03:26]} 15. Bb2 {[%emt 0:00:31]} Bf6 {[%emt 0:00:39]} 16. Rad1 {[%emt 0:09:35]} Re8 {[%emt 0:03:30]} 17. e4 {[%emt 0:01:51]} Be6 {[%emt 0:00:06]} 18. h3 {[%emt 0:00:20]} Qd7 {[%emt 0:13:39]} 19. Kh2 {[%emt 0:00:08]} g6 {[%emt 0:06:40]} 20. Bc3 {[%emt 0:02:14]} Qe7 {[%emt 0:03:09]} 21. Qb2 {[%emt 0:02:05]} Rbd8 {[%emt 0:02:24]} 22. b4 {[%emt 0:18:56]} axb4 {[%emt 0:00:29]} 23. axb4 {[%emt 0:00:05]} Bc8 {[%emt 0:02:04]} 24. b5 {[%emt 0:04:01]} Nb8 {[%emt 0:00:42]} 25. d4 {[%emt 0:00:38]} exd4 {[%emt 0:00:24]} 26. Nxd4 {[%emt 0:00:20]} Qc5 {[%emt 0:05:18]} 27. f4 {[%emt 0:00:55]} Nd7 {[%emt 0:00:44]} 28. e5 {[%emt 0:00:55]} Bg7 {[%emt 0:00:04]} 29. Bb4 {[%emt 0:03:29]} Qb6 {[%emt 0:00:32]} 30. Qc3 {[%emt 0:00:10]} Qa7 {[%emt 0:05:46]} 31. Qxc7 {[%emt 0:03:55]} Bf8 {[%emt 0:02:28]} 32. Bxf8 {[%emt 0:01:25]} Nxf8 {[%emt 0:00:03]} 33. Nc6 {[%emt 0:01:12]} 1-0

[Event "CZE-ch Open 2019"]
[Site "Ostrava"]
[Date "2019.05.02"]
[Round "6.22"]
[White "Vokac, Marek"]
[Black "Bures, Martin"]
[Result "1-0"]
[WhiteElo "2343"]
[BlackElo "2150"]
[Annotator "NA"]
[PlyCount "85"]
[EventDate "2019.04.27"]
[EventType "swiss"]
[EventCountry "CZE"]
[SourceTitle "playchess.com"]
[Source "ChessBase"]
[SourceQuality "1"]
[TimeControl "40/5400+30:1800+30"]

1. c4 {[%emt 0:00:01]} Nf6 {[%emt 0:02:36]} 2. Nc3 {[%emt 0:00:34]} c5 {[%emt 0:04:05]} 3. g3 {[%emt 0:00:33]} d5 {[%emt 0:00:25]} 4. cxd5 {[%emt 0:00:13]} Nxd5 {[%emt 0:00:01]} 5. Bg2 {[%emt 0:00:12]} Nc7 {[%emt 0:00:05]} 6. Nf3 {[%emt 0:00:28]} Nc6 {[%emt 0:00:11]} 7. O-O {[%emt 0:00:18]} e5 {[%emt 0:00:15]} 8. d3 {[%emt 0:00:15]} Be7 {[%emt 0:00:37]} 9. Nd2 {[%emt 0:00:12]} O-O {[%emt 0:07:51]} 10. Nc4 {[%emt 0:00:31]} f6 {[%emt 0:04:22]} 11. f4 {[%emt 0:01:30]} Be6 {[%emt 0:07:30]} 12. f5 {[%emt 0:09:53]} Bf7 {[%emt 0:01:51]} 13. Ne3 {[%emt 0:00:10]} Rb8 {[%emt 0:09:51]} 14. Kh1 {[%emt 0:03:59]} Nd4 {[%emt 0:04:55]} 15. Bd2 {[%emt 0:01:28]} Qd7 {[%emt 0:04:50]} 16. g4 {[%emt 0:04:28]} Rfc8 {[%emt 0:07:39]} 17. b3 {[%emt 0:02:38]} b5 {[%emt 0:01:19]} 18. Rc1 {[%emt 0:00:45]} b4 {[%emt 0:00:53]} 19. Ne4 {[%emt 0:01:16]} Nd5 {[%emt 0:00:26]} 20. Nc4 {[%emt 0:08:58]} Nb6 {[%emt 0:01:14]} 21. Be1 {[%emt 0:23:01]} h6 {[%emt 0:05:22]} 22. Bg3 {[%emt 0:04:52]} Nxc4 {[%emt 0:05:42]} 23. dxc4 {[%emt 0:02:05]} Qc7 {[%emt 0:00:17]} 24. e3 {[%emt 0:01:21]} Nc6 {[%emt 0:00:13]} 25. h4 {[%emt 0:00:36]} Rd8 {[%emt 0:01:13]} 26. Qe2 {[%emt 0:00:05]} Rd7 {[%emt 0:00:59]} 27. g5 {[%emt 0:01:15]} hxg5 {[%emt 0:02:51]} 28. hxg5 {[%emt 0:00:03]} Kf8 {[%emt 0:01:09]} 29. Qg4 {[%emt 0:08:32]} Nd8 {[%emt 0:02:21]} 30. gxf6 {[%emt 0:06:00]} Bxf6 {[%emt 0:02:51]} 31. Rcd1 {[%emt 0:04:30]} Rxd1 {[%emt 0:03:33]} 32. Rxd1 {[%emt 0:00:01]} Rb6 {[%emt 0:00:02]} 33. Kg1 {[%emt 0:02:09]} Nb7 {[%emt 0:00:36]} 34. Bh4 {[%emt 0:07:03]} Bxh4 {[%emt 0:02:05]} 35. Qxh4 {[%emt 0:00:02]} Rh6 {[%emt 0:00:13]} 36. Qg5 {[%emt 0:00:15]} Rh5 {[%emt 0:08:51]} 37. Qg4 {[%emt 0:00:06]} Nd8 {[%emt 0:06:56]} 38. f6 {[%emt 0:03:56]} g6 {[%emt 0:00:57]} 39. Qd7 {[%emt 0:01:14]} Qxd7 {[%emt 0:00:45]} 40. Rxd7 {[%emt 0:00:01]} Ne6 {[%emt 0:00:09]} 41. Nd6 {[%emt 0:30:59]} Rh7 {[%emt 0:06:31]} 42. Bd5 {[%emt 0:00:00]} Be8 {[%emt 0:03:11]} 43. Rxh7 {[%emt 0:00:00]} 1-0

[Event "CZE-ch Open 2019"]
[Site "Ostrava"]
[Date "2019.05.02"]
[Round "6.23"]
[White "Jun, Rudolf Jr."]
[Black "Obsivac, Josef"]
[Result "1/2-1/2"]
[WhiteElo "2138"]
[BlackElo "2285"]
[Annotator "NA"]
[PlyCount "88"]
[EventDate "2019.04.27"]
[EventType "swiss"]
[EventCountry "CZE"]
[SourceTitle "playchess.com"]
[Source "ChessBase"]
[SourceQuality "1"]
[TimeControl "40/5400+30:1800+30"]

1. e4 {[%emt 0:00:00]} c5 {[%emt 0:00:00]} 2. Nf3 {[%emt 0:01:07]} e6 {[%emt 0:00:00]} 3. c4 {[%emt 0:00:25]} Nc6 {[%emt 0:00:05]} 4. Nc3 {[%emt 0:00:17]} Nf6 {[%emt 0:02:51]} 5. Be2 {[%emt 0:00:42]} b6 {[%emt 0:09:40]} 6. O-O {[%emt 0:00:11]} Bb7 {[%emt 0:00:28]} 7. d4 {[%emt 0:02:01]} cxd4 {[%emt 0:00:09]} 8. Nxd4 {[%emt 0:00:06]} Nxd4 {[%emt 0:04:23]} 9. Qxd4 {[%emt 0:00:06]} Bc5 {[%emt 0:00:23]} 10. Qd3 {[%emt 0:00:39]} Qc7 {[%emt 0:07:48]} 11. a3 {[%emt 0:02:22]} a6 {[%emt 0:08:22]} 12. b4 {[%emt 0:01:09]} Be7 {[%emt 0:00:11]} 13. Be3 {[%emt 0:01:20]} d6 {[%emt 0:01:31]} 14. f3 {[%emt 0:00:44]} Nd7 {[%emt 0:01:46]} 15. Rac1 {[%emt 0:00:39]} O-O {[%emt 0:01:13]} 16. Rfd1 {[%emt 0:02:38]} Rab8 {[%emt 0:04:47]} 17. Qd4 {[%emt 0:06:26]} Ba8 {[%emt 0:01:54]} 18. Na4 {[%emt 0:02:51]} Rfd8 {[%emt 0:02:44]} 19. Kh1 {[%emt 0:02:53]} Qb7 {[%emt 0:01:26]} 20. Qd2 {[%emt 0:03:35]} h6 {[%emt 0:04:25]} 21. Qe1 {[%emt 0:02:23]} Qc6 {[%emt 0:18:49]} 22. Nc3 {[%emt 0:03:02]} Ne5 {[%emt 0:02:13]} 23. Qf2 {[%emt 0:03:22]} Nd7 {[%emt 0:02:38]} 24. Qg3 {[%emt 0:09:39]} Kh8 {[%emt 0:00:27]} 25. f4 {[%emt 0:04:00]} Nf6 {[%emt 0:03:22]} 26. Bf3 {[%emt 0:03:28]} Qe8 {[%emt 0:00:08]} 27. e5 {[%emt 0:01:40]} dxe5 {[%emt 0:01:21]} 28. fxe5 {[%emt 0:00:10]} Rxd1+ {[%emt 0:04:47]} 29. Rxd1 {[%emt 0:00:21]} Nd7 {[%emt 0:00:56]} 30. Bxa8 {[%emt 0:01:27]} Rxa8 {[%emt 0:00:02]} 31. Ne4 {[%emt 0:04:35]} a5 {[%emt 0:01:50]} 32. Nd6 {[%emt 0:01:10]} Qf8 {[%emt 0:00:56]} 33. c5 {[%emt 0:05:51]} axb4 {[%emt 0:03:39]} 34. axb4 {[%emt 0:01:25]} bxc5 {[%emt 0:00:48]} 35. bxc5 {[%emt 0:00:21]} f6 {[%emt 0:02:32]} 36. exf6 {[%emt 0:04:37]} Nxf6 {[%emt 0:01:35]} 37. Qg6 {[%emt 0:01:50]} Bxd6 {[%emt 0:01:06]} 38. cxd6 {[%emt 0:00:08]} Qe8 {[%emt 0:03:41]} 39. Qd3 {[%emt 0:08:06]} Qa4 {[%emt 0:01:13]} 40. h3 {[%emt 0:03:10]} Rd8 {[%emt 0:02:11]} 41. Rf1 {[%emt 0:35:40]} Qe4 {[%emt 0:06:00]} 42. Qxe4 {[%emt 0:00:00]} Nxe4 {[%emt 0:00:04]} 43. Bf4 {[%emt 0:00:00]} Nxd6 {[%emt 0:01:39]} 44. Re1 {[%emt 0:00:00]} Nf5 {[%emt 0:03:23]} 1/2-1/2

[Event "CZE-ch Open 2019"]
[Site "Ostrava"]
[Date "2019.05.02"]
[Round "6.24"]
[White "Vybiral, Zdenek"]
[Black "Malinovsky, Petr"]
[Result "1-0"]
[WhiteElo "2274"]
[BlackElo "2003"]
[Annotator "NA"]
[PlyCount "35"]
[EventDate "2019.04.27"]
[EventType "swiss"]
[EventCountry "CZE"]
[SourceTitle "playchess.com"]
[Source "ChessBase"]
[SourceQuality "1"]
[TimeControl "40/5400+30:1800+30"]

1. c4 {[%emt 0:00:00]} e6 {[%emt 0:00:00]} 2. Nf3 {[%emt 0:00:00]} d5 {[%emt 0:00:00]} 3. b3 {[%emt 0:00:00]} f5 {[%emt 0:01:05]} 4. g3 {[%emt 0:00:57]} Nf6 {[%emt 0:00:13]} 5. Bg2 {[%emt 0:00:04]} c5 {[%emt 0:01:28]} 6. O-O {[%emt 0:02:57]} b6 {[%emt 0:00:19]} 7. cxd5 {[%emt 0:02:07]} exd5 {[%emt 0:01:36]} 8. Bb2 {[%emt 0:00:20]} Bd6 {[%emt 0:03:25]} 9. d4 {[%emt 0:01:28]} Bb7 {[%emt 0:04:57]} 10. Qc2 {[%emt 0:09:08]} O-O {[%emt 0:11:58]} 11. Qxf5 {[%emt 0:01:44]} Ne4 {[%emt 0:01:30]} 12. Qe6+ {[%emt 0:05:05]} Kh8 {[%emt 0:01:43]} 13. dxc5 {[%emt 0:00:16]} bxc5 {[%emt 0:06:50]} 14. Nbd2 {[%emt 0:10:21]} Na6 {[%emt 0:10:16]} 15. Nxe4 {[%emt 0:08:30]} dxe4 {[%emt 0:00:21]} 16. Qg4 {[%emt 0:00:26]} Qe7 {[%emt 0:12:12]} 17. Ng5 {[%emt 0:00:14]} Rae8 {[%emt 0:06:38]} 18. Qh5 {[%emt 0:00:28]} 1-0

[Event "CZE-ch Open 2019"]
[Site "Ostrava"]
[Date "2019.05.02"]
[Round "6.25"]
[White "Ockay, Tomas"]
[Black "Jedlicka, Ales"]
[Result "1-0"]
[WhiteElo "2131"]
[BlackElo "2236"]
[Annotator "NA"]
[PlyCount "97"]
[EventDate "2019.04.27"]
[EventType "swiss"]
[EventCountry "CZE"]
[SourceTitle "playchess.com"]
[Source "ChessBase"]
[SourceQuality "1"]
[TimeControl "40/5400+30:1800+30"]

1. Nf3 {[%emt 0:00:00]} Nf6 {[%emt 0:00:00]} 2. b3 {[%emt 0:00:00]} g6 {[%emt 0:00:08]} 3. Bb2 {[%emt 0:00:00]} Bg7 {[%emt 0:00:12]} 4. g3 {[%emt 0:00:29]} d6 {[%emt 0:00:20]} 5. d4 {[%emt 0:00:06]} O-O {[%emt 0:00:18]} 6. Bg2 {[%emt 0:00:02]} c5 {[%emt 0:00:30]} 7. O-O {[%emt 0:00:21]} cxd4 {[%emt 0:00:24]} 8. Nxd4 {[%emt 0:00:12]} d5 {[%emt 0:00:21]} 9. c4 {[%emt 0:05:29]} dxc4 {[%emt 0:00:33]} 10. bxc4 {[%emt 0:00:12]} Qb6 {[%emt 0:00:18]} 11. Qb3 {[%emt 0:00:33]} Nfd7 {[%emt 0:01:32]} 12. Rd1 {[%emt 0:10:31]} Na6 {[%emt 0:00:49]} 13. e3 {[%emt 0:27:51]} Nac5 {[%emt 0:01:03]} 14. Qc2 {[%emt 0:00:29]} Ne5 {[%emt 0:01:14]} 15. Nd2 {[%emt 0:03:02]} Bd7 {[%emt 0:04:13]} 16. Ba3 {[%emt 0:02:07]} Rac8 {[%emt 0:03:52]} 17. Rab1 {[%emt 0:00:44]} Qa6 {[%emt 0:03:14]} 18. Bxc5 {[%emt 0:00:26]} Rxc5 {[%emt 0:00:42]} 19. Bxb7 {[%emt 0:00:17]} Qa4 {[%emt 0:00:41]} 20. Be4 {[%emt 0:15:22]} Nxc4 {[%emt 0:07:16]} 21. Nxc4 {[%emt 0:03:24]} Rxc4 {[%emt 0:00:53]} 22. Qxa4 {[%emt 0:00:34]} Bxa4 {[%emt 0:01:29]} 23. Rdc1 {[%emt 0:01:14]} Rxc1+ {[%emt 0:03:52]} 24. Rxc1 {[%emt 0:00:05]} Bxd4 {[%emt 0:00:25]} 25. exd4 {[%emt 0:00:04]} Rd8 {[%emt 0:01:19]} 26. d5 {[%emt 0:00:43]} Rd7 {[%emt 0:02:45]} 27. Rc5 {[%emt 0:01:36]} Kg7 {[%emt 0:00:27]} 28. Ra5 {[%emt 0:01:12]} Bd1 {[%emt 0:00:20]} 29. f4 {[%emt 0:01:01]} Rc7 {[%emt 0:01:38]} 30. Kf2 {[%emt 0:09:15]} f5 {[%emt 0:08:34]} 31. Bd3 {[%emt 0:00:10]} Rd7 {[%emt 0:08:59]} 32. Ke3 {[%emt 0:00:20]} h6 {[%emt 0:01:22]} 33. h4 {[%emt 0:02:43]} Bg4 {[%emt 0:01:10]} 34. Bc4 {[%emt 0:02:06]} Bh3 {[%emt 0:05:38]} 35. Ra6 {[%emt 0:01:15]} Rc7 {[%emt 0:03:25]} 36. Rc6 {[%emt 0:00:39]} Rb7 {[%emt 0:00:32]} 37. Kd4 {[%emt 0:00:32]} Bg2 {[%emt 0:02:53]} 38. Ke5 {[%emt 0:02:32]} a5 {[%emt 0:11:52]} 39. Ke6 {[%emt 0:03:53]} Bf3 {[%emt 0:05:38]} 40. Rc8 {[%emt 0:01:34]} a4 {[%emt 0:08:25]} 41. Re8 {[%emt 0:30:40]} Rb4 {[%emt 0:37:32]} 42. Rxe7+ {[%emt 0:00:28]} Kf8 {[%emt 0:00:11]} 43. Rc7 {[%emt 0:00:15]} a3 {[%emt 0:00:00]} 44. d6 {[%emt 0:00:00]} Rb6 {[%emt 0:00:00]} 45. Rf7+ {[%emt 0:00:00]} Kg8 {[%emt 0:00:00]} 46. Ke5 {[%emt 0:00:00]} Rb4 {[%emt 0:00:00]} 47. Be6 {[%emt 0:00:00]} Rb5+ {[%emt 0:00:00]} 48. Kf6 {[%emt 0:00:00]} Bd5 {[%emt 0:00:00]} 49. d7 {[%emt 0:00:00]} 1-0

[Event "CZE-ch Open 2019"]
[Site "Ostrava"]
[Date "2019.05.02"]
[Round "6.26"]
[White "Kana, Pavel"]
[Black "Kanakova, Natalie"]
[Result "1/2-1/2"]
[WhiteElo "2013"]
[BlackElo "2202"]
[Annotator "NA"]
[PlyCount "81"]
[EventDate "2019.04.27"]
[EventType "swiss"]
[EventCountry "CZE"]
[SourceTitle "playchess.com"]
[Source "ChessBase"]
[SourceQuality "1"]
[TimeControl "40/5400+30:1800+30"]

1. e4 {[%emt 0:01:04]} c5 {[%emt 0:00:00]} 2. Nf3 {[%emt 0:00:14]} Nc6 {[%emt 0:00:00]} 3. Bb5 {[%emt 0:00:28]} Nf6 {[%emt 0:01:07]} 4. Nc3 {[%emt 0:04:35]} g6 {[%emt 0:01:46]} 5. O-O {[%emt 0:08:03]} Bg7 {[%emt 0:00:40]} 6. Re1 {[%emt 0:03:34]} O-O {[%emt 0:04:09]} 7. e5 {[%emt 0:10:39]} Ng4 {[%emt 0:04:42]} 8. Bxc6 {[%emt 0:02:53]} dxc6 {[%emt 0:00:19]} 9. h3 {[%emt 0:01:41]} Nh6 {[%emt 0:00:05]} 10. g4 {[%emt 0:05:21]} Qc7 {[%emt 0:16:12]} 11. d3 {[%emt 0:02:42]} f5 {[%emt 0:03:26]} 12. g5 {[%emt 0:14:32]} Nf7 {[%emt 0:00:06]} 13. Bf4 {[%emt 0:01:20]} Nd8 {[%emt 0:01:47]} 14. Qd2 {[%emt 0:06:10]} Ne6 {[%emt 0:01:24]} 15. Qe3 {[%emt 0:02:31]} b6 {[%emt 0:06:37]} 16. Kg2 {[%emt 0:04:31]} Bb7 {[%emt 0:09:07]} 17. Kg3 {[%emt 0:01:06]} Qd7 {[%emt 0:10:50]} 18. Rac1 {[%emt 0:06:08]} h5 {[%emt 0:05:23]} 19. gxh6 {[%emt 0:04:25]} Bxh6 {[%emt 0:00:16]} 20. Bxh6 {[%emt 0:01:56]} f4+ {[%emt 0:00:10]} 21. Bxf4 {[%emt 0:00:33]} Nxf4 {[%emt 0:00:05]} 22. e6 {[%emt 0:02:28]} Qd6 {[%emt 0:01:10]} 23. Qe5 {[%emt 0:02:59]} Qxe5 {[%emt 0:01:03]} 24. Rxe5 {[%emt 0:02:21]} Rf6 {[%emt 0:02:36]} 25. Ng5 {[%emt 0:05:36]} Raf8 {[%emt 0:06:14]} 26. f3 {[%emt 0:00:39]} Kg7 {[%emt 0:03:42]} 27. Rce1 {[%emt 0:00:25]} Bc8 {[%emt 0:01:23]} 28. Nce4 {[%emt 0:01:08]} Rf5 {[%emt 0:04:45]} 29. Nf2 {[%emt 0:01:34]} Nh5+ {[%emt 0:02:18]} 30. Kg2 {[%emt 0:00:10]} Rxe5 {[%emt 0:01:58]} 31. Rxe5 {[%emt 0:00:02]} Rf5 {[%emt 0:04:39]} 32. Ng4 {[%emt 0:02:09]} Rxe5 {[%emt 0:00:49]} 33. Nxe5 {[%emt 0:00:01]} Kf6 {[%emt 0:00:14]} 34. Nef7 {[%emt 0:01:17]} Nf4+ {[%emt 0:01:16]} 35. Kg3 {[%emt 0:00:56]} Nxe6 {[%emt 0:00:21]} 36. f4 {[%emt 0:00:50]} Nd4 {[%emt 0:05:10]} 37. c3 {[%emt 0:00:36]} Nf5+ {[%emt 0:01:26]} 38. Kf3 {[%emt 0:00:13]} Nh4+ {[%emt 0:01:04]} 39. Kg3 {[%emt 0:00:34]} Nf5+ {[%emt 0:00:06]} 40. Kf3 {[%emt 0:00:01]} Nh4+ {[%emt 0:01:03]} 41. Ke4 {Ke5+} 1/2-1/2

[Event "CZE-ch Open 2019"]
[Site "Ostrava"]
[Date "2019.05.02"]
[Round "6.27"]
[White "Vorisek, Jakub"]
[Black "Vesselovsky, Serguei"]
[Result "1/2-1/2"]
[WhiteElo "1991"]
[BlackElo "2335"]
[Annotator "NA"]
[PlyCount "60"]
[EventDate "2019.04.27"]
[EventType "swiss"]
[EventCountry "CZE"]
[SourceTitle "playchess.com"]
[Source "ChessBase"]
[SourceQuality "1"]
[TimeControl "40/5400+30:1800+30"]

1. e4 {[%emt 0:00:00]} c5 {[%emt 0:00:00]} 2. Nf3 {[%emt 0:00:00]} d6 {[%emt 0:00:00]} 3. d4 {[%emt 0:00:00]} cxd4 {[%emt 0:00:00]} 4. Nxd4 {[%emt 0:00:06]} Nf6 {[%emt 0:00:00]} 5. Nc3 {[%emt 0:00:14]} g6 {[%emt 0:00:05]} 6. Be2 {[%emt 0:00:32]} Bg7 {[%emt 0:00:08]} 7. O-O {[%emt 0:00:17]} O-O {[%emt 0:00:07]} 8. Bg5 {[%emt 0:01:47]} Nbd7 {[%emt 0:00:14]} 9. Kh1 {[%emt 0:07:43]} Nc5 {[%emt 0:06:30]} 10. f3 {[%emt 0:05:00]} Bd7 {[%emt 0:03:28]} 11. Qd2 {[%emt 0:03:36]} Re8 {[%emt 0:01:15]} 12. Rad1 {[%emt 0:04:28]} Rc8 {[%emt 0:13:05]} 13. Nd5 {[%emt 0:09:28]} Nxd5 {[%emt 0:09:01]} 14. exd5 {[%emt 0:00:07]} Qb6 {[%emt 0:15:29]} 15. b3 {[%emt 0:07:18]} e5 {[%emt 0:11:19]} 16. dxe6 {[%emt 0:01:19]} Nxe6 {[%emt 0:00:19]} 17. Nxe6 {[%emt 0:04:51]} Bxe6 {[%emt 0:00:24]} 18. c4 {[%emt 0:06:57]} d5 {[%emt 0:02:11]} 19. Be3 {[%emt 0:05:48]} Qc7 {[%emt 0:02:53]} 20. cxd5 {[%emt 0:02:48]} Bxd5 {[%emt 0:03:51]} 21. Qxd5 {[%emt 0:02:09]} Rxe3 {[%emt 0:00:27]} 22. Bc4 {[%emt 0:00:14]} Re5 {[%emt 0:13:00]} 23. Qd7 {[%emt 0:02:50]} Re7 {[%emt 0:01:44]} 24. Qxc7 {[%emt 0:01:47]} Rexc7 {[%emt 0:06:17]} 25. Rd2 {[%emt 0:01:15]} Bf6 {[%emt 0:01:17]} 26. Rfd1 {[%emt 0:00:47]} Re8 {[%emt 0:00:41]} 27. g3 {[%emt 0:01:19]} Kg7 {[%emt 0:00:18]} 28. Rd7 {[%emt 0:00:31]} Rxd7 {[%emt 0:00:13]} 29. Rxd7 {[%emt 0:00:07]} Re7 {[%emt 0:00:02]} 30. Rxe7 {[%emt 0:00:57]} Bxe7 {[%emt 0:00:02]} 1/2-1/2